[Event "WY Girls-U12"]
[Site "Porto Carras GRE"]
[Date "2010.10.22"]
[Round "3.4"]
[White "Hua,Margaret"]
[Black "Hojjatova,Aydan"]
[Result "0-1"]
[WhiteElo "1943"]
[BlackElo "1818"]

1.e4 c5 2.Nf3 e6 3.d4 cxd4 4.Nxd4 Nc6 5.Nc3 d6 6.Be3 Nf6 7.f3 Be7 8.Be2 O-O
9.Qd2 a6 10.Nxc6 bxc6 11.O-O e5 12.Rad1 Qc7 13.Bc4 Be6 14.Qd3 Rfd8 15.Bxe6 fxe6
16.f4 Ng4 17.f5 d5 18.Ne2 Qa5 19.Kh1 exf5 20.exf5 Qb5 21.Bd2 Qxd3 22.cxd3 Bc5
23.Bg5 Re8 24.d4 exd4 25.Nxd4 Re4 26.h3 Bxd4 27.hxg4 Rxg4 28.b3 h6 29.Rf4 Rxg5
30.Rdxd4 Kf7 31.Rd3 Kf6 32.Rdf3 c5 33.Kg1 Ke5 34.f6 gxf6 35.Rxf6 Rag8 36.Rxa6 Rxg2+
37.Kf1 Rg1+ 38.Ke2 R1g2+ 39.Kd3 R8g3 40.Rxg3 Rxg3+ 41.Kc2 h5 42.Rh6 Rg5 43.a4 Kf4
44.a5 Kg4 45.a6 Rg7 46.Kd3 h4 47.Ke3 d4+ 48.Kf2 h3 49.Kg1 d3 50.Rd6 Kf3+
51.Kh2 Ke2 52.Kxh3 d2 53.Re6+ Kd3 54.Rd6+ Kc2 55.b4 cxb4 56.Rc6+ Kb2 57.Rd6 b3
58.Rxd2+ Kc1 59.Rd8 Ra7 60.Rc8+ Kb1 61.Rb8 b2 62.Kg3 Rxa6 63.Kf3 Ka2 64.Ke4 b1=Q+
65.Kf4 Qxb8+ 66.Kg4 Ra5 67.Kf3 Ra4 68.Ke2 Kb1 69.Kd2 Qb3 70.Ke1 Ra2 71.Kf1 Qc2
72.Kg1 Qg2+  0-1

[Event "15th European Club Cup Women"]
[Site "Plovdiv BUL"]
[Date "2010.10.23"]
[Round "7"]
[White "Borosova,Z"]
[Black "Botvinnik,Ir"]
[Result "1/2-1/2"]
[WhiteElo "2277"]
[BlackElo "2216"]

1.e4 c5 2.Nf3 e6 3.d4 cxd4 4.Nxd4 Nc6 5.Nc3 Qc7 6.Be3 a6 7.Qd2 Nf6 8.O-O-O Ne5
9.f4 Neg4 10.e5 Nxe3 11.Qxe3 Ng4 12.Qf3 f5 13.h3 Nh6 14.Bd3 Bb4 15.Nce2 O-O
16.g4 d6 17.Bxf5 Nxf5 18.gxf5 dxe5 19.Nxe6 Bxe6 20.fxe6 Qc4 21.Rd7 Rad8 22.a3 Rxd7
23.exd7 Be7 24.Re1 Bh4 25.Rg1 exf4 26.Qb3 Bf6 27.Qf3 Qb5 28.Qb3+ Qxb3 29.cxb3 f3
30.Ng3 Bh4 31.Ne4 f2 32.Rf1 Rd8 33.Nc5 Bg5+ 34.Kc2 Be3 35.b4 a5 36.Kd3 Bxc5
37.bxc5 Rxd7+ 38.Kc3 Rf7 39.b4 axb4+ 40.axb4 Kf8 41.Kc4 Ke7 42.Kd5 Kd7 43.b5 Rf5+
44.Ke4 Rxc5  1/2-1/2

[Event "WY Boys-U14"]
[Site "Porto Carras GRE"]
[Date "2010.10.23"]
[Round "4.1"]
[White "Sahoo,U"]
[Black "Vaibhav,S"]
[Result "1/2-1/2"]
[WhiteElo "2213"]
[BlackElo "2418"]

1.e4 c5 2.Nf3 e6 3.d4 cxd4 4.Nxd4 Nc6 5.Nc3 Qc7 6.g4 a6 7.Nxc6 bxc6 8.Bg2 Bd6
9.Qd4 Nf6 10.g5 Nh5 11.Ne2 O-O 12.Bf3 Nf4 13.Qe3 Nxe2 14.Bxe2 Rb8 15.f4 Qa5+
16.c3 Bc5 17.Qd3 Qc7 18.e5 Rd8 19.b4 Ba7 20.Be3 c5 21.bxc5 Bxc5 22.O-O Rb2
23.Rfb1 Rxb1+ 24.Rxb1 Bb7 25.Kf2 Qc6 26.Bxc5 Qxc5+ 27.Qe3 Qc6 28.Bf3 Qxf3+
29.Qxf3 Bxf3 30.Kxf3 f6 31.gxf6 gxf6 32.Ke3 Kf7 33.Rb6 fxe5 34.fxe5 Ra8 35.a4 Ke7
36.a5 Kd8 37.Kd4 Kc7 38.Kc5 h5 39.h4 Ra7 40.c4 Ra8 41.Rd6 Ra7 42.Rb6  1/2-1/2

[Event "WY Boys-U12"]
[Site "Porto Carras GRE"]
[Date "2010.10.24"]
[Round "5.4"]
[White "Tari,A"]
[Black "Sadikhov,U"]
[Result "1-0"]
[WhiteElo "2053"]
[BlackElo "2060"]

1.e4 c5 2.Nf3 e6 3.d4 cxd4 4.Nxd4 Nc6 5.Nc3 d6 6.Be3 Nf6 7.f3 Be7 8.Qd2 O-O
9.O-O-O a6 10.g4 Nd7 11.h4 Nde5 12.Qf2 b5 13.Nxc6 Nxc6 14.f4 Rb8 15.g5 Qa5
16.Kb1 Bd7 17.f5 Rfc8 18.f6 Bf8 19.h5 Be8 20.Bh3 Ne5 21.Bd4 Qc7 22.Rc1 Rd8
23.g6 hxg6 24.Bxe5 dxe5 25.hxg6 b4 26.Bxe6  1-0

[Event "WY Boys-U14"]
[Site "Porto Carras GRE"]
[Date "2010.10.24"]
[Round "6.2"]
[White "Nasuta,G"]
[Black "Vaibhav,S"]
[Result "1/2-1/2"]
[WhiteElo "2130"]
[BlackElo "2418"]

1.e4 c5 2.Nf3 e6 3.d4 cxd4 4.Nxd4 Nc6 5.Nc3 Qc7 6.Be3 a6 7.Bd3 Nf6 8.O-O Nxd4
9.Bxd4 Bc5 10.Be2 d6 11.Qd3 Bxd4 12.Qxd4 e5 13.Qb4 Be6 14.Rad1 Ke7 15.Kh1 Nd7
16.Rd5 Qb6 17.Qa3 Rac8 18.f4 exf4 19.Rf5 Rhe8 20.Bd3 Rxc3 21.Qxc3 Bxf5 22.exf5 Kf8
23.Rxf4 Nf6 24.Rf1 Ng4 25.h3 Nf6 26.b3 Nd5 27.Qd2 Qd4 28.a4 Ne3 29.Rf3 d5
30.f6 gxf6 31.Qf2 Qa1+ 32.Kh2 Qe5+ 33.Kg1 Re6 34.Bxh7 d4 35.Bd3 Ke7 36.Rf4 a5
37.Qh4 Qc5 38.Qf2 b6 39.Kh2 Qd6 40.Kh1 Re5 41.Qh4 Qc6 42.Be4 Qe6 43.Bd3 Nd5
44.Rf1 Ne3 45.Rf4 Nd5  1/2-1/2

[Event "WY Boys-U16"]
[Site "Porto Carras GRE"]
[Date "2010.10.24"]
[Round "6.9"]
[White "Ten Hertog,H"]
[Black "Bukavshin,I"]
[Result "1/2-1/2"]
[WhiteElo "2208"]
[BlackElo "2430"]

1.e4 c5 2.Nf3 e6 3.d4 cxd4 4.Nxd4 Nc6 5.Nc3 Qc7 6.Be3 Nf6 7.f4 Bb4 8.Nb5 Qa5
9.e5 Nd5 10.Bd2 Nxc3 11.bxc3 Bc5 12.Bd3 a6 13.Nd4 d5 14.Nb3 Qb6 15.Nxc5 Qxc5
16.Rb1 b5 17.Qg4 g6 18.h4 h5 19.Qg5 Qe7 20.Be3 Bd7 21.Kd2 Rc8 22.a4 Na5 23.axb5 Bxb5
24.Bxb5+ axb5 25.Qxe7+ Kxe7 26.Rxb5 Nc4+ 27.Kd3 Nxe3 28.Rb7+ Kf8 29.Kxe3 Rxc3+
30.Kd2 Rg3 31.Rg1 Kg7 32.Rb3 Rg4 33.g3 Rc8 34.Ra1 g5 35.fxg5 Re4 36.Ra7 Rxe5
37.Rf3 Rf8 38.Rf4 Kg6 39.Rf6+ Kg7 40.Rf4 Kg6 41.Rf6+  1/2-1/2

[Event "Spartak IM"]
[Site "Subotica"]
[Date "2010.10.24"]
[Round "2"]
[White "Cabarkapa,N"]
[Black "Nestorovic,L"]
[Result "1-0"]
[WhiteElo "2130"]
[BlackElo "2335"]

1.e4 c5 2.Nf3 e6 3.d4 cxd4 4.Nxd4 Nc6 5.Nc3 d6 6.Be3 Nf6 7.f3 Be7 8.Qd2 O-O
9.g4 Nd7 10.O-O-O a6 11.h4 Nxd4 12.Bxd4 b5 13.Kb1 b4 14.Na4 Bb7 15.b3 Bc6
16.Nb2 a5 17.g5 a4 18.Bc4 a3 19.Na4 Bxa4 20.bxa4 Nb6 21.Bb3 Nxa4 22.g6 Nc3+
23.Bxc3 bxc3 24.gxf7+ Kh8 25.Qf4 Rb8 26.Ka1 Qa5 27.h5 Rxb3 28.axb3 a2 29.e5 d5
30.Qa4 Qc7 31.f4 Rxf7 32.f5 exf5 33.Rxd5 Qb8 34.Rf1 Rf8 35.Rf4 Bg5 36.Rf1 f4
37.e6 h6 38.Qd4 f3 39.Rd7 Bf6 40.Qd6 Qa8 41.Rxf3 Re8 42.Rf1 Qe4 43.Qd3 Qxe6
44.Kxa2 Qb6 45.Rf4 Qa5+ 46.Ra4 Qxh5 47.Ra6 Qg5 48.Qd1 Qg2 49.b4 Qe4 50.Kb3 Rb8
51.Qd6 Rc8 52.Qd3 Qf4 53.Rda7 Be5 54.Ra8 Bb8 55.Rd6 Qf8 56.Rd7 Qe8 57.Ra6 Bf4
58.Raa7 Be5 59.Ka3 Bf6 60.Rd6 Qe1 61.Qd1 Qe3 62.Rda6 Kh7 63.Qf1 Rf8 64.Ra8 Qe7
65.Rxf8 Qxf8 66.Qf5+ Kh8 67.Qe4 Bd8 68.Ra8 Qf6 69.Qd3  1-0

[Event "14th Corsica Masters"]
[Site "Bastia FRA"]
[Date "2010.10.25"]
[Round "2"]
[White "Bologan,V"]
[Black "Horvath,Ad1"]
[Result "1-0"]
[WhiteElo "2690"]
[BlackElo "2493"]

1.e4 c5 2.Nf3 e6 3.d4 cxd4 4.Nxd4 Nc6 5.Nc3 Qc7 6.Be3 Nf6 7.Be2 Be7 8.g4 Bb4
9.Nb5 Qa5 10.O-O O-O 11.g5 Ne8 12.a3 Be7 13.f4 f6 14.gxf6 gxf6 15.Kh1 Kh8
16.Qe1 Qd8 17.Qf2 b6 18.Rad1 Bb7 19.f5 a6 20.fxe6 axb5 21.Rxd7 Qc8 22.Nd5 Nd6
23.Qh4 Ra4 24.b4 Rxa3 25.Bd3 Qe8 26.Nxe7 Nxe7 27.Rxd6 Ng6 28.Qh6 Ne5 29.Bd4 Qa8
30.Qxf8+ Qxf8 31.Bxe5  1-0

[Event "20th World Seniors"]
[Site "Arco ITA"]
[Date "2010.10.26"]
[Round "1"]
[White "Van Riemsdijk,H"]
[Black "Benson,L"]
[Result "1-0"]
[WhiteElo "2390"]
[BlackElo "2032"]

1.e4 c5 2.Nf3 e6 3.d4 cxd4 4.Nxd4 Nc6 5.Nc3 Bb4 6.Nb5 d6 7.a3 Bxc3+ 8.bxc3 d5
9.exd5 exd5 10.Bf4 Be6 11.Nc7+ Kf8 12.Nxa8 Qxa8 13.Bd3 Nge7 14.O-O Qd8 15.Re1 Ng6
16.Bg3 Qf6 17.Qb1 b6 18.Bb5 Nce7 19.Qb4 Kg8 20.Qd4 Nf5 21.Qxf6 gxf6 22.Bb8 Kg7
23.Bg3 Rc8 24.Bd3 Rxc3 25.a4 Nxg3 26.hxg3 Ne5 27.Red1 h6 28.Kf1 Nc6 29.Ke2 Nb4
30.Kd2 d4 31.Rh1 Bc4 32.Be4 Bd5 33.Bxd5 Nxd5 34.Rh4 Nb4 35.Rxd4 Rxc2+ 36.Ke1 Rb2
37.Rd2 Rb3 38.Ke2 a5 39.Rc1 Ra3 40.Rc7 Rxa4 41.Rdd7 Ra2+ 42.Kf3 Nc2 43.g4 Ne1+
44.Kg3 Ra3+ 45.f3 Ra2 46.Rxf7+ Kg8 47.Rfe7 Rxg2+ 48.Kh3  1-0

[Event "WY Boys-U16"]
[Site "Porto Carras GRE"]
[Date "2010.10.26"]
[Round "7.1"]
[White "Dragun,K"]
[Black "Andersen,Mad"]
[Result "1-0"]
[WhiteElo "2392"]
[BlackElo "2385"]

1.e4 c5 2.Nf3 e6 3.d4 cxd4 4.Nxd4 Nc6 5.Nc3 Qc7 6.Be3 a6 7.Be2 Nf6 8.O-O Bb4
9.Na4 Be7 10.Nxc6 bxc6 11.Nb6 Rb8 12.Nxc8 Qxc8 13.e5 Nd5 14.Bc1 Bc5 15.c4 Ne7
16.b3 Qc7 17.Bb2 d6 18.exd6 Bxd6 19.g3 Be5 20.Bxe5 Qxe5 21.Bf3 c5 22.Qd2 Qc7
23.Be4 O-O 24.Rfd1 Rfd8 25.Qc3 h6 26.a3 a5 27.Rxd8+ Qxd8 28.Qe5 Qb6 29.Rd1 f6
30.Qf4 Rd8 31.Rxd8+ Qxd8 32.Qe3 Qb6 33.Qd3 Kf7 34.h4 Qc7 35.Qc3 Qb6 36.Kf1 f5
37.Bf3 Nc6 38.Bxc6 Qxc6 39.Kg1 Qb6 40.Kh2 Kf8 41.Qf3 Ke7 42.Kg1 Ke8 43.Qa8+ Kf7
44.Kh2 Qc7 45.Kg2 Qb6 46.Qc8 Kg6 47.Qe8+ Kh7 48.Qb5 Qc7 49.b4 axb4 50.axb4 cxb4
51.Qxb4 f4 52.c5 fxg3 53.fxg3 Qc6+ 54.Kf2 Qh1 55.Qe1 Qc6 56.Qe5 Kg8 57.Ke3 Kf7
58.Kd2 Qg2+ 59.Kc3 Qf3+ 60.Kc4 Qc6 61.Qc3 Qd5+ 62.Kb4 Qb7+ 63.Ka3 Qa6+ 64.Kb3 Qb7+
65.Qb4 Qd5+ 66.Qc4 Qb7+ 67.Ka4 Qa7+ 68.Kb4 Ke7 69.Qb5 Qa2 70.Qb7+ Kf6 71.c6 Qb2+
72.Kc5 Qc3+ 73.Kb6 Qb4+ 74.Kc7 Qe7+ 75.Kb8 Qd8+ 76.Qc8 Qb6+ 77.Ka8 Qa5+ 78.Kb7 Qb5+
79.Kc7 Ke7 80.Qd7+ Kf8 81.Qd6+ Ke8 82.Qd7+ Kf8 83.Kc8 Qa6+ 84.Qb7 Qa4 85.Kb8 Qd4
86.c7 Qd6 87.Qb3 Qe5 88.Qb4+ Ke8 89.Qa4+ Ke7 90.Kc8 Qd6 91.Qb5 Qa3 92.Kb7 Qf3+
93.Kb6 Qa8 94.Qc5+ Kd7 95.Qd4+ Ke7 96.Qxg7+ Kd6 97.Qd4+ Ke7 98.Qc5+ Kd7 99.Qb5+ Kd6
100.Qd3+ Ke7 101.Qa6 Qxa6+ 102.Kxa6 Kd7 103.Kb7  1-0

[Event "Spartak IM"]
[Site "Subotica"]
[Date "2010.10.26"]
[Round "5"]
[White "Nestorovic,L"]
[Black "Andrejic,V"]
[Result "0-1"]
[WhiteElo "2335"]
[BlackElo "2163"]

1.e4 c5 2.Nf3 e6 3.d4 cxd4 4.Nxd4 Nc6 5.Nc3 Qc7 6.Be2 a6 7.O-O Nf6 8.Be3 Bb4
9.Na4 Be7 10.c4 Nxe4 11.c5 O-O 12.Rc1 Rb8 13.Qd3 Nf6 14.Rfd1 g6 15.Nb6 Rd8
16.Bf3 e5 17.Nb3 d6 18.Bxc6 bxc6 19.cxd6 Rxd6 20.Qe2 Rxd1+ 21.Rxd1 Rxb6 22.Bxb6 Qxb6
23.h3 Qb5 24.Qe3 Be6 25.Qa7 Kf8 26.Qc7 Ne8 27.Qa7 c5 28.Re1 c4 29.Nd2 Qxb2
30.Nf3 Bb4 31.Qb6 Bc3 32.Qc5+ Kg7 33.Re3 f6 34.Qe7+ Bf7 35.Ng5 fxg5 36.Rf3 Qc1+
37.Kh2 Qf4+ 38.Rxf4 gxf4 39.Qa3 Bd4 40.f3 Nc7 41.Qd6 Nd5 42.Qxa6 c3 43.Qa3 c2
44.Qc1 Nb4 45.a4 Be3 46.Qb2 c1=Q 47.Qxe5+ Kh6  0-1

[Event "Unive Open"]
[Site "Hoogeveen NED"]
[Date "2010.10.27"]
[Round "6"]
[White "De Graaf,D"]
[Black "Warmelink,E"]
[Result "0-1"]
[WhiteElo "2225"]
[BlackElo "1977"]

1.e4 c5 2.Nf3 e6 3.Nc3 Nc6 4.d4 cxd4 5.Nxd4 d6 6.Be3 Nf6 7.g4 h6 8.Rg1 Be7
9.Qd2 a6 10.f3 Qc7 11.O-O-O Bd7 12.h4 O-O-O 13.Kb1 Be8 14.g5 hxg5 15.Bxg5 Nxd4
16.Qxd4 d5 17.e5 Bc5 18.Qd2 Bxg1 19.exf6 g6 20.Bf4 Qc6 21.Bh3 Rxh4 22.Bg4 Bb6
23.Bg3 Rh8 24.a3 Bd7 25.Ne2 Bc7 26.Nd4 Qb6 27.Qc3 Kb8 28.Bf2 Qd6 29.Nb3 Bb6
30.Nc5 Rc8 31.b4 Ka8 32.Qb2 Bb5 33.Qd4 Qc6 34.Qd2 Bc4 35.Bd4 Rce8 36.f4 Bc7
37.Bf3 Rh3 38.Qg2 Reh8 39.Bg4 Rh2 40.Qf3 Be2 41.Qxe2 Rxe2 42.Bxe2 Bxf4 43.a4 e5
44.b5 axb5 45.axb5 Qc7 46.Bg1 Rh1 47.Na4 d4 48.Bf3 Rh3 49.Rd3 Kb8 50.b6 Qd7
51.Nb2 g5 52.c4 Qf5 53.Ka2 Qxd3  0-1

[Event "Spartak IM"]
[Site "Subotica"]
[Date "2010.10.27"]
[Round "7"]
[White "Tesik,C"]
[Black "Andrejic,V"]
[Result "1/2-1/2"]
[WhiteElo "2258"]
[BlackElo "2163"]

1.e4 c5 2.Nf3 e6 3.d4 cxd4 4.Nxd4 Nc6 5.Nc3 Qc7 6.Be3 a6 7.f4 b5 8.Bd3 Bb7
9.Qf3 Nf6 10.O-O h5 11.Nb3 d5 12.Qh3 Nb4 13.e5 Ng4 14.Kh1 Nxd3 15.cxd3 Nxe3
16.Qxe3 g6 17.Ne2 Be7 18.Rac1 Qd8 19.Ned4 Qb6 20.Qf3 a5 21.Ne2 a4 22.Nbd4 O-O
23.f5 exf5 24.Qf4 Rac8 25.Rxc8 Bxc8 26.Qh6 Qd8 27.e6 Bg5 28.exf7+ Kxf7 29.Qh7+ Kf6
30.Qa7 Qd7 31.Qb6+ Kg7 32.Nxb5 Rf6 33.Qc5 Ba6 34.Nec3 Rc6 35.Qf2 Bf6 36.Nd4 Rc8
37.Re1 Bxd3 38.Ne6+ Kh7 39.Nc5 Rxc5 40.Qxc5 Be4 41.h3 Qe6 42.Nxe4 fxe4 43.Qa7+ Kh6
44.Qxa4 Bxb2 45.Qa8 Bc3 46.Qf8+ Bg7 47.Qf4+ Kh7 48.a4 Qc6 49.Rd1 d4 50.a5 e3
51.Qf1 Qc2 52.Rc1  1/2-1/2

[Event "11th Liberec Open"]
[Site "Liberec CZE"]
[Date "2010.10.28"]
[Round "6"]
[White "Babicky,F"]
[Black "Jina,L"]
[Result "0-1"]
[WhiteElo "1781"]
[BlackElo "1891"]

1.e4 c5 2.Nf3 Nc6 3.d4 cxd4 4.Nxd4 e6 5.Nc3 a6 6.Be2 Nf6 7.Bg5 h6 8.Bh4 Be7
9.O-O O-O 10.Kh1 Ne8 11.Nxc6 bxc6 12.Bg3 d6 13.f4 Qb6 14.Na4 Qa5 15.c3 Rb8
16.b4 Qd8 17.Nb2 Bb7 18.Bd3 Qc8 19.Nc4 c5 20.a3 cxb4 21.cxb4 Bxe4 22.Rc1 Qb7
23.Bxe4 Qxe4 24.Na5 Bf6 25.Re1 Qf5 26.Nc6 Rb7 27.Nd4 Qd5 28.Nf3 Qb5 29.Nd2 Bb2
30.Rc8 Bxa3 31.Ne4 Bxb4 32.Re2 a5 33.Rb2 Qd7 34.Rxe8 Rxe8 35.h3 d5 36.Nf2 Bd6
37.Re2 Reb8 38.Kh2 a4 39.Nd3 a3 40.Qa1 Qb5 41.Re3 Qb1 42.Qd4 a2 43.Re1 Qc2
44.Rc1 Qb3 45.Be1 Qb6 46.Qa1 Ra8 47.Bc3 f6 48.h4 Qe3 49.Rd1 Bxf4+ 50.g3 Qxg3+
51.Kh1 Qh2+  0-1

[Event "WY Boys-U16"]
[Site "Porto Carras GRE"]
[Date "2010.10.28"]
[Round "9.9"]
[White "Sapozhnikov,R"]
[Black "Andersen,Mad"]
[Result "1/2-1/2"]
[WhiteElo "2226"]
[BlackElo "2385"]

1.e4 c5 2.Nf3 e6 3.d4 cxd4 4.Nxd4 Nc6 5.Nc3 Qc7 6.Be3 a6 7.Be2 Nf6 8.O-O Be7
9.f4 d6 10.a4 O-O 11.Kh1 Re8 12.Qd2 Bd7 13.Bf3 Nxd4 14.Bxd4 Bc6 15.Qf2 Rac8
16.f5 Nd7 17.fxe6 fxe6 18.Bh5 Rf8 19.Bf7+ Kh8 20.Qd2 e5 21.Be3 Nf6 22.Be6 Rb8
23.Qd3 Bd7 24.Bxd7 Qxd7 25.Nd5 Nxd5 26.Rxf8+ Rxf8 27.Qxd5 Qc6 28.c4 g6 29.b3 Kg7
30.Kg1 Bd8 31.a5 Qc7 32.b4 Bh4 33.Rd1 Be7 34.Rf1 Rxf1+ 35.Kxf1 Qd7 36.h3 h5
37.Ke2 g5 38.Bd2 g4 39.Qd3 Qe6 40.hxg4 Qxg4+ 41.Qf3 Qe6 42.Kd3 Kg6 43.Qh3 Qg4
44.Qxg4+ hxg4 45.Be3 Kf7 46.Ba7 Ke6 47.Bb8 Bh4 48.Ke2 Be7 49.Ba7 Bh4 50.Bb6 Be7
51.Kd3 Kd7 52.b5 Ke6 53.c5 dxc5 54.bxa6 bxa6 55.Kc4 Bf8 56.Bxc5 Bh6 57.Kd3 Bg5
58.Bb6 Be7  1/2-1/2

[Event "WY Boys-U18"]
[Site "Porto Carras GRE"]
[Date "2010.10.28"]
[Round "9.16"]
[White "Dragomirescu,R"]
[Black "Grandadam,N"]
[Result "1/2-1/2"]
[WhiteElo "2423"]
[BlackElo "2245"]

1.e4 c5 2.Nf3 e6 3.d4 cxd4 4.Nxd4 Nc6 5.Nc3 Qc7 6.Be3 a6 7.Qd2 Nf6 8.O-O-O Bb4
9.f3 O-O 10.g4 Ne5 11.g5 Nh5 12.Rg1 Bxc3 13.Qxc3 Qxc3 14.bxc3 Ng6 15.Ne2 f6
16.Ng3 Nxg3 17.Rxg3 fxg5 18.Bxg5 d5 19.h4 b5 20.exd5 exd5 21.h5 Nf4 22.Bxf4 Rxf4
23.Rxd5 Be6 24.Rdg5 Ra7 25.a3 Raf7 26.Bd3 Bf5 27.Kd2 Kf8 28.Bxf5 R4xf5 29.Ke3 Re7+  1/2-1/2

[Event "WY Boys-U12"]
[Site "Porto Carras GRE"]
[Date "2010.10.28"]
[Round "9.9"]
[White "Xu,Yi"]
[Black "Tatekhin,V"]
[Result "1-0"]
[WhiteElo "2039"]
[BlackElo "2113"]

1.e4 c5 2.Nc3 Nc6 3.Nf3 e6 4.d4 cxd4 5.Nxd4 Qc7 6.Be3 a6 7.Qd2 Nf6 8.f3 Be7
9.g4 d6 10.O-O-O b5 11.g5 Nd7 12.f4 Bb7 13.f5 Nxd4 14.Qxd4 exf5 15.Qxg7 Rf8
16.Nd5 Bxd5 17.exd5 Ne5 18.Qxh7 Ng6 19.Bd3 f4 20.Bd2 O-O-O 21.Bxg6 fxg6 22.Qxg6 Qc4
23.Kb1 f3 24.Qe6+ Rd7 25.g6 Bf6 26.Rhg1 Bg7 27.Rg4 Qe2 28.Qxe2 fxe2 29.Re1 Re7
30.Rg2 Rf1 31.c3 Re5 32.Kc2 Rxe1 33.Bxe1 Rxd5 34.h4 Re5 35.Kd3 Re6 36.h5 Re5
37.h6 Bxh6 38.g7  1-0

[Event "Chigorin Mem Classic Open"]
[Site "St Petersburg RUS"]
[Date "2010.10.28"]
[Round "1"]
[White "Denisov,I"]
[Black "Bocharov,D"]
[Result "0-1"]
[WhiteElo "2267"]
[BlackElo "2612"]

1.e4 c5 2.Nf3 Nc6 3.d4 cxd4 4.Nxd4 e6 5.Nc3 a6 6.Be2 Qc7 7.O-O Nf6 8.Be3 Be7
9.f4 d6 10.a4 O-O 11.Kh1 Re8 12.Qe1 Nxd4 13.Bxd4 e5 14.Be3 exf4 15.Bxf4 Be6
16.Qg3 Nd7 17.Rad1 Ne5 18.Rd2 Bf8 19.Rc1 Qa5 20.b3 Qb4 21.Qe3 Rac8 22.Nd5 Qa3
23.Rdd1 Ng6 24.Nb6 Nxf4 25.Qxf4 Rc6 26.Nc4 Qb4 27.Rd4 b5 28.axb5 axb5 29.c3 Qc5
30.b4 Qa7 31.Nxd6 Rxc3 32.Nxb5 Rxc1+ 33.Qxc1 Qa2 34.Qe1 Rc8 35.h3 Qb2 36.Kh2 g6
37.Bd3 Bg7 38.e5 h5 39.Re4 Rc1 40.Qe2 Qa1 41.Kg3 Bd5 42.e6 Bxe4 43.exf7+ Kxf7
44.Bxe4 Be5+ 45.Kh4 Bf6+ 46.Kg3 Kg7 47.Qd3 Rd1 48.Qc4 Be5+ 49.Kh4  0-1

[Event "Chigorin Mem Classic Open"]
[Site "St Petersburg RUS"]
[Date "2010.10.28"]
[Round "1"]
[White "Kuzmin,E"]
[Black "Ulko,J"]
[Result "0-1"]
[WhiteElo "2067"]
[BlackElo "2451"]

1.e4 c5 2.Nf3 Nc6 3.d4 cxd4 4.Nxd4 e6 5.Nc3 d6 6.Be2 Nf6 7.O-O Be7 8.Be3 O-O
9.f4 e5 10.Nb3 exf4 11.Bxf4 Be6 12.Bf3 Ne8 13.Nd5 Bg5 14.Qd2 Bxf4 15.Qxf4 Bxd5
16.exd5 Ne5 17.Kh1 Rc8 18.Nd4 Nf6 19.c3 Ng6 20.Qg3 Re8 21.Rfe1 Re5 22.Nb3 Qb6
23.Rxe5 Nxe5 24.Re1 Nd3 25.Re2 Re8 26.Nd4 Re5 27.b3 Qc5 28.Rxe5 dxe5 29.b4 Qxc3
30.Ne2 Qxb4  0-1

[Event "Chigorin Mem Classic Open"]
[Site "St Petersburg RUS"]
[Date "2010.10.28"]
[Round "1"]
[White "Amonatov,F"]
[Black "Akatova,E"]
[Result "1-0"]
[WhiteElo "2602"]
[BlackElo "2260"]

1.e4 c5 2.Nf3 e6 3.d4 cxd4 4.Nxd4 Nc6 5.Nc3 a6 6.Nxc6 bxc6 7.Bd3 d5 8.O-O Nf6
9.Qe2 Be7 10.Na4 O-O 11.c4 Bb7 12.b3 Qc7 13.e5 Nd7 14.Bb2 Nb6 15.cxd5 Nxd5
16.Be4 Rfd8 17.Rac1 Qa5 18.Rc4 g6 19.Bd4 c5 20.Bxc5 Bxc5 21.Nxc5 Bc6 22.Nxe6 fxe6
23.Rxc6 Nf4 24.Qe3 Qxe5 25.Re1 Rac8 26.Rxc8 Rxc8 27.Bb7 Qg5 28.g3 Rf8 29.Bg2 Nxg2
30.Qxg5 Nxe1 31.Qe3  1-0

[Event "Chigorin Mem Classic Open"]
[Site "St Petersburg RUS"]
[Date "2010.10.28"]
[Round "1"]
[White "Svetushkin,D"]
[Black "Kopasov,A"]
[Result "1-0"]
[WhiteElo "2552"]
[BlackElo "2198"]

1.e4 c5 2.Nf3 e6 3.d4 cxd4 4.Nxd4 Nc6 5.Nc3 Qc7 6.Be3 Nf6 7.f4 d6 8.Qf3 a6
9.O-O-O Be7 10.g4 Nxd4 11.Rxd4 e5 12.Rc4 Qd8 13.g5 Ng4 14.Rxc8 Qxc8 15.Bh3 h5
16.gxh6 f5 17.hxg7 Rg8 18.exf5 Nf6 19.fxe5 dxe5 20.Qg3 Qc6 21.Qg6+ Kd8 22.Bg2 e4
23.Qf7 Qe8 24.Rd1+ Kc7 25.Bf4+ Kb6 26.Qe6+ Ka7 27.Be3+ Kb8 28.Qe5+ Kc8 29.Nxe4  1-0

[Event "Chigorin Mem Classic Open"]
[Site "St Petersburg RUS"]
[Date "2010.10.28"]
[Round "1"]
[White "Lintchevski,D"]
[Black "Markevich,I"]
[Result "1-0"]
[WhiteElo "2528"]
[BlackElo "2175"]

1.e4 c5 2.Nf3 e6 3.d4 cxd4 4.Nxd4 Nc6 5.Nc3 Qc7 6.Be2 a6 7.O-O Nf6 8.Be3 Bb4
9.Na4 O-O 10.Nxc6 bxc6 11.Nb6 Rb8 12.Nxc8 Rfxc8 13.Bxa6 Rd8 14.Bd3 Bd6 15.f4 e5
16.b3 exf4 17.Bd4 f3 18.e5 Bxe5 19.Bxe5 Qxe5 20.Qxf3 d5 21.a4 c5 22.Qf4 Qe7
23.Bb5 Ne4 24.Rae1 Qa7 25.Kh1 Rb6 26.Bd3 Rf6 27.Qh4 Qe7 28.Rxf6 Qxf6 29.Qxf6 Nxf6
30.Kg1 Kf8 31.Bb5 Ne4 32.Bc6 f5 33.a5 Ke7 34.a6 Kd6 35.Bxd5 Nc3 36.Bf3 Rd7
37.Re3 Nb5 38.Rd3+ Kc7 39.Rxd7+ Kxd7 40.Be2 Na7 41.Kf2 Kc7 42.Ke3 Kb6 43.Kf4 Nc6
44.Bc4 g6 45.Kg5 Ne5 46.Be2 Nc6 47.Kh6 Nd4 48.Bd3 f4 49.Be4 Kxa6 50.h4 Ne6
51.Kxh7 g5 52.Bf5 Nd4 53.Bd3+  1-0

[Event "14th Corsica KO"]
[Site "Bastia FRA"]
[Date "2010.10.29"]
[Round "1.1"]
[White "Bologan,V"]
[Black "Horvath,Ad1"]
[Result "1-0"]
[WhiteElo "2690"]
[BlackElo "2493"]

1.e4 c5 2.Nf3 e6 3.d4 cxd4 4.Nxd4 Nc6 5.Nc3 Qc7 6.Be3 a6 7.Be2 b5 8.Nxc6 Qxc6
9.Bf3 Bb7 10.O-O Qc7 11.e5 Ne7 12.Bc5 Bxf3 13.Qxf3 Nc6 14.Bxf8 Kxf8 15.Rfe1 b4
16.Na4 Rd8 17.Qe3 h5 18.Nc5 a5 19.Rad1 Ne7 20.Ne4 Nd5 21.Qd4 h4 22.c4 Rh5
23.f4 Ne7 24.Qc5 Qxc5+ 25.Nxc5 Nf5 26.Rd3 Ke7 27.Nb7 d6 28.Nxd6 Rd7 29.Red1 Nxd6
30.g3 Rf5 31.c5 g5 32.c6 Rd8 33.exd6+  1-0

[Event "WY Boys-U12"]
[Site "Porto Carras GRE"]
[Date "2010.10.29"]
[Round "10.7"]
[White "Tari,A"]
[Black "Sidhant,M"]
[Result "1-0"]
[WhiteElo "2053"]
[BlackElo "2125"]

1.e4 c5 2.Nf3 Nc6 3.Nc3 e6 4.d4 cxd4 5.Nxd4 Nf6 6.Be2 Bb4 7.O-O O-O 8.Nxc6 dxc6
9.e5 Nd5 10.Ne4 Qc7 11.Nd6 Rd8 12.c4 Ne7 13.Qb3 a5 14.Be3 b6 15.a3 Bc5 16.Bxc5 bxc5
17.Qe3 Qb6 18.b4 axb4 19.axb4 Rxa1 20.Rxa1 Qxb4 21.Qg5 Qb2 22.Ra7 Qxe2 23.g3 Rf8
24.Rxe7 Ba6 25.Re8 Rxe8 26.Nxe8 Qe1+ 27.Kg2 Qe4+ 28.f3 Qc2+ 29.Kh3 Qg6 30.Qxg6 hxg6
31.Nd6 g5 32.Kg4 f6 33.f4 gxf4 34.gxf4 Kf8 35.Kh5 g5 36.exf6 gxf4 37.Kg4 e5
38.h4 Bb5 39.Nxb5 Kf7 40.Nd6+ Kxf6 41.Ne4+  1-0

[Event "Chigorin Mem Classic Open"]
[Site "St Petersburg RUS"]
[Date "2010.10.29"]
[Round "2"]
[White "Solovjov,S"]
[Black "Stefansson,H"]
[Result "0-1"]
[WhiteElo "2394"]
[BlackElo "2585"]

1.e4 c5 2.Nf3 e6 3.d4 cxd4 4.Nxd4 Nc6 5.Nc3 Qc7 6.Be2 a6 7.O-O Nf6 8.Kh1 Be7
9.f4 d6 10.a4 O-O 11.Be3 Re8 12.Bf3 Na5 13.Qe1 Nc4 14.Bc1 e5 15.fxe5 Nxe5
16.Be2 Be6 17.Bg5 Qb6 18.Rd1 Rac8 19.a5 Qd8 20.Nf5 Bxf5 21.Rxf5 Qxa5 22.Bxf6 Bxf6
23.Rxd6 Rc6 24.Rxc6 bxc6 25.Rf1 Qb4 26.Nd5 Qxb2 27.Nxf6+ gxf6 28.Qg3+ Ng6
29.Bd3 Kg7 30.h3 Re5 31.Qf2 Ra5 32.Qa7 Ra1 33.Bxa6 Ra2 34.e5 Nxe5 35.Qf2 Ng6
36.Bd3 Ra1 37.Qc5 Ne5 38.Be2 Qa3 39.Qf2 Rxf1+ 40.Bxf1 Qc3 41.Kh2 Ng6 42.Bd3 c5
43.Bf5 Qe5+ 44.Kg1 h5 45.Bd3 Qg5 46.Qf5 Nf4 47.Be4 Qg3 48.Kf1 Qe3  0-1

[Event "Chigorin Mem Classic Open"]
[Site "St Petersburg RUS"]
[Date "2010.10.29"]
[Round "2"]
[White "Kalegin,E"]
[Black "Grachev,B"]
[Result "0-1"]
[WhiteElo "2453"]
[BlackElo "2668"]

1.e4 c5 2.Nf3 e6 3.Nc3 Nc6 4.d4 cxd4 5.Nxd4 Qc7 6.Be3 Nf6 7.Bd3 Nxd4 8.Bxd4 Bc5
9.Bxc5 Qxc5 10.O-O d6 11.Bb5+ Ke7 12.Qe2 a6 13.Bd3 e5 14.Bc4 Be6 15.Bb3 Rac8
16.Kh1 Bc4 17.Bxc4 Qxc4 18.Qe3 Rhd8 19.Rfd1 Qc5 20.Qe2 b5 21.a3 a5 22.Rac1 Qc4
23.Qxc4 Rxc4 24.f3 b4 25.axb4 axb4 26.Na4 Rc6 27.c4 Ra8 28.b3 Nd7 29.Kg1 Nc5
30.Nxc5 Rxc5 31.Rc2 Rca5 32.Rdd2 Ra1+ 33.Kf2 R8a5 34.Ke3 Rb1 35.Rb2 Raa1
36.Kd3 Rxb2 37.Rxb2 Kd7 38.c5 dxc5  0-1

[Event "20th World Seniors"]
[Site "Arco ITA"]
[Date "2010.10.30"]
[Round "5"]
[White "Van Riemsdijk,H"]
[Black "Jansa,Vl"]
[Result "0-1"]
[WhiteElo "2390"]
[BlackElo "2499"]

1.e4 c5 2.Nf3 e6 3.d4 cxd4 4.Nxd4 Nc6 5.Nc3 a6 6.Nxc6 bxc6 7.Bd3 d5 8.O-O Nf6
9.Re1 Be7 10.Bf4 O-O 11.Qf3 Re8 12.Rad1 e5 13.Bxe5 Bg4 14.Qg3 Bxd1 15.Rxd1 Nh5
16.Qf3 Bf6 17.Bxf6 Nxf6 18.exd5 cxd5 19.h3 Qa5 20.a3 Rad8 21.Ne2 Qb6 22.b4 g6
23.Nc3 Qc6 24.Ne2 Ne4 25.Nd4 Qb6 26.Nb3 Rd6 27.Qe2 Rde6 28.Bxe4 Rxe4 29.Qf3 Re1+
30.Rxe1 Rxe1+ 31.Kh2 Qc7+  0-1